Stati per produzione di Tabacco - Statistics

Statistiche generali
  • Questo quiz è stato fatto 10 volte
  • Il punteggio medio è 7 su 9
Statistiche sulle risposte
Produzione (migliaia tonnellate) Continente Nazione % Corretto
520,7 America del Sud Brasile
100%
2 298,8 Asia Cina
100%
595,4 Asia India
100%
116,8 Asia / Europa Russia
100%
408,2 America del Nord Stati Uniti
100%
193,9 Asia / Europa Turchia
100%
102,9 Europa Spagna
78%
166,6 Asia Indonesia
56%
204,9 Africa Zimbabwe
11%
Nessun quiz corrispondente trovato
Distribuzione punteggi
Percentuale di utenti per punteggio
Percentile per numero di risposta
I tuoi punteggi nel tempo
Non hai fatto questo quiz